MS/THESIS:SEMANTICAL INTEROPERABILITY FOR ENTERPRISE DECISION SUPPORT SYSTEM IN ACTIVE ENVIRONMENT (Record no. 530171)

000 -LEADER
fixed length control field 00456nam a22001457a 4500
003 - CONTROL NUMBER IDENTIFIER
control field NUST
005 - DATE AND TIME OF LATEST TRANSACTION
control field 20191011163140.0
008 - FIXED-LENGTH DATA ELEMENTS--GENERAL INFORMATION
fixed length control field 191011b ||||| |||| 00| 0 eng d
038 ## - RECORD CONTENT LICENSOR
Staff Name Nusrat Nadeem
082 ## - DEWEY DECIMAL CLASSIFICATION NUMBER
Classification number 621.001KAS
245 ## - TITLE STATEMENT
Title MS/THESIS:SEMANTICAL INTEROPERABILITY FOR ENTERPRISE DECISION SUPPORT SYSTEM IN ACTIVE ENVIRONMENT
Statement of responsibility, etc. KASHIF AYOUB
260 ## - PUBLICATION, DISTRIBUTION, ETC.
Place of publication, distribution, etc. ISLAMABAD
Name of publisher, distributor, etc. RCMS NUST
Date of publication, distribution, etc. 2016
700 ## - ADDED ENTRY--PERSONAL NAME
Relator code Dr. MUKARAM KHAN (Supervisor)
942 ## - ADDED ENTRY ELEMENTS (KOHA)
Source of classification or shelving scheme
Koha item type Thesis
Holdings
Withdrawn status Lost status Source of classification or shelving scheme Damaged status Not for loan Permanent Location Current Location Shelving location Date acquired Total Checkouts Full call number Barcode Date last seen Price effective from Koha item type
          Central Library (CL) Central Library (CL) Thesis 03/02/2020   620.0011 CL-T-5286 03/02/2020 03/02/2020 Thesis
          School of Interdisciplinary Engineering and Sciences (SINES) School of Interdisciplinary Engineering and Sciences (SINES) Thesis 10/11/2019   621.001KAS RCMS003046 10/11/2019 10/11/2019 Thesis
© 2023 Central Library, National University of Sciences and Technology. All Rights Reserved.